This is Florence
Αποθηκεύτηκε σε:
| Κύριος συγγραφέας: | |
|---|---|
| Μορφή: | Βιβλίο |
| Γλώσσα: | English |
| Δημοσίευση: |
Firenze :
Sansoni,
c1977
|
| Θέματα: | |
| Ετικέτες: |
Προσθήκη ετικέτας
Δεν υπάρχουν, Καταχωρήστε ετικέτα πρώτοι!
|
MARC
| LEADER | 00000cam a2200000 i 4500 | ||
|---|---|---|---|
| 001 | 1/22608 | ||
| 008 | 060123s1977 eng d | ||
| 035 | |l 10082188 | ||
| 040 | |a GR-MY-UA |b gre |e aacr | ||
| 041 | 0 | |a eng | |
| 082 | 0 | |a 945.51 |2 (22) | |
| 100 | 1 | |a Bargellini, Piero, |d 1897-1980. | |
| 245 | 1 | 0 | |a This is Florence / |c Piero Bargellini |
| 260 | |a Firenze : |b Sansoni, |c c1977 | ||
| 300 | |a 277 σ.; |b εγχρ. εικ.; |c 26 εκ. | ||
| 504 | |a Περιλαμβάνει ευρετήριο | ||
| 651 | 0 | |a Florence (Italy) |x Pictorial works. | |
| 651 | 0 | |a Florence (Italy) |x Description and travel. | |
| 852 | |a INST |b RHODES |c KRI |e 20060123 |h 945.51 BAR |p 005400027507 |q 005400027507 |t REF |y 23 | ||
| 901 | |a BIBL4-2006-1 | ||
| 909 | |a Ρ |b 122970 | ||
| 970 | |a ΚΟΖΑ |b ΜΑΡΙΑ |z 2006/01/23 | ||